Welcome to University of Cape Coast Library, Online Public Access Catalogue (OPAC)

Biological evolution / (Record no. 20164)

MARC details
000 -LEADER
fixed length control field 01035cam a2200265 a 4500
001 - CONTROL NUMBER
control field 72704
005 - DATE AND TIME OF LATEST TRANSACTION
control field 20220304135939.0
008 - FIXED-LENGTH DATA ELEMENTS--GENERAL INFORMATION
fixed length control field 950919s1996 txua b 001 0 eng
010 ## - LIBRARY OF CONGRESS CONTROL NUMBER
LC control number 95068932
020 ## - INTERNATIONAL STANDARD BOOK NUMBER
International Standard Book Number 0030968437
040 ## - CATALOGING SOURCE
Original cataloging agency DLC
Transcribing agency DLC
Modifying agency DLC
050 00 - LIBRARY OF CONGRESS CALL NUMBER
Classification number QH366.2
Item number .P74 1996
082 00 - DEWEY DECIMAL CLASSIFICATION NUMBER
Classification number 576.8
Edition number 21
100 1# - MAIN ENTRY--PERSONAL NAME
Personal name Price, Peter W.
9 (RLIN) 17150
245 10 - TITLE STATEMENT
Title Biological evolution /
Statement of responsibility, etc. Peter W. Price.
260 ## - PUBLICATION, DISTRIBUTION, ETC.
Place of publication, distribution, etc. Fort Worth :
Name of publisher, distributor, etc. Saunders College Pub.,
Date of publication, distribution, etc. c1996.
300 ## - PHYSICAL DESCRIPTION
Extent xviii, 429 p. :
Other physical details ill., map ;
Dimensions 29 cm.
504 ## - BIBLIOGRAPHY, ETC. NOTE
Bibliography, etc. note Includes bibliographical references and indexes.
650 #0 - SUBJECT ADDED ENTRY--TOPICAL TERM
Topical term or geographic name entry element Evolution (Biology)
9 (RLIN) 17151
856 42 - ELECTRONIC LOCATION AND ACCESS
Materials specified Publisher description
Uniform Resource Identifier <a href="http://www.loc.gov/catdir/enhancements/fy1513/95068932-d.html">http://www.loc.gov/catdir/enhancements/fy1513/95068932-d.html</a>
856 41 - ELECTRONIC LOCATION AND ACCESS
Materials specified Table of contents only
Uniform Resource Identifier <a href="http://www.loc.gov/catdir/enhancements/fy1513/95068932-t.html">http://www.loc.gov/catdir/enhancements/fy1513/95068932-t.html</a>
906 ## - LOCAL DATA ELEMENT F, LDF (RLIN)
a 7
b cbc
c orignew
d 3
e opcn
f 19
g y-gencatlg
942 ## - ADDED ENTRY ELEMENTS (KOHA)
Koha item type Books
Holdings
Lost status Collection code Home library Shelving location Date acquired Total Checkouts Total Renewals Full call number Barcode Date last seen Date last checked out Koha item type
  Open UCC Main Library   02/09/2018 2 1 QH366.2.P93 30261100559642 02/11/2020 01/28/2020 Books
Koha©2022 UCC.All Right Reserved.Site Developed by Sam Jonah Library IT Team
<Home | Contact | Library publications |Research Tools | Research Guides |https://ucclivechat.library-gh.net/index.php/chat

If you have questions or concern please contact the Library.



PMB, University of Cape Coast

KOHA HOME